Statystyki dla Imiona znanych Polek i Polaków #5

Kliknij tutaj aby rozwiązać quiz!

Ogólne statystyki

  • Ten quiz został rozwiązany 205 razy
  • Średni wynik to 11 z 15

Statystyki odpowiedzi

ImięNazwisko% Poprawnych
KamilStoch
97%
BeataSzydło
95%
CzesławNiemen
89%
StanisławWyspiański
87%
KajetanKajetanowicz
76%
KamilDurczok
75%
BartoszKurek
72%
GabrielNarutowicz
72%
MajaOstaszewska
65%
MonikaOlejnik
64%
TomaszDziałowy (Gimper)
63%
BolesławBierut
60%
HubertHurkacz
60%
JerzyUrban
55%
IgnacyDaszyński
44%

Rozkład punktacji

Percentyl według liczby udzielonych odpowiedzi

Procent ludzi z każdym wynikiem

Twoja historia wyników

Nie rozwiązałeś tego quizu